| 000 | 00585nam a2200145Ia 4500 | ||
|---|---|---|---|
| 008 | 260210s9999 xx 000 0 und d | ||
| 024 | _a09B-120-EE, 10B-141-EE, 10B-155-EE & 10B-160-EE | ||
| 082 | _a629.83072 SEH | ||
| 100 | _aSehrish karim, Hammad Sharif, Abdul Manan & Malik Fahad | ||
| 245 | 0 | _aAccess Control Gate Identification System | |
| 260 |
_aKarachi: _bUITU, _c2010 |
||
| 600 | _aElectronic Engineering | ||
| 650 | _aBachelor of Engineering (BE) | ||
| 856 |
_uhttps://drive.google.com/file/d/1QIOpha7kIMOZPlklFcy9bHZHLuRgzoDo/view?usp=sharing _yClick here for PDF |
||
| 999 |
_c33142 _d33142 |
||